Dermatology. (Record no. 691)

000 -LEADER
fixed length control field 00800nam a22002897a 4500
001 - CONTROL NUMBER
control field 8323351
003 - CONTROL NUMBER IDENTIFIER
control field LIBRIS
005 - DATE AND TIME OF LATEST TRANSACTION
control field 20210421070331.0
008 - FIXED-LENGTH DATA ELEMENTS--GENERAL INFORMATION
fixed length control field 020113s1984 xxu 000 0 eng c
020 ## - INTERNATIONAL STANDARD BOOK NUMBER
International Standard Book Number 0895010046
040 ## - CATALOGING SOURCE
Original cataloging agency eng
Language of cataloging eng
Transcribing agency DLC
041 ## - LANGUAGE CODE
Language code of text/sound track or separate title eng
080 ## - UNIVERSAL DECIMAL CLASSIFICATION NUMBER
Universal Decimal Classification number 616.5
Item number B-68
084 ## - OTHER CLASSIFICATION NUMBER
Classification number V
Number source kssb
100 1# - MAIN ENTRY--PERSONAL NAME
Personal name Bluefarb, Samuel M.
245 00 - TITLE STATEMENT
Title Dermatology.
Statement of responsibility, etc. / by: A Scope Publication
260 ## - PUBLICATION, DISTRIBUTION, ETC.
Place of publication, distribution, etc. Michigan
Name of publisher, distributor, etc. The Upjohn Company
Date of publication, distribution, etc. 1984
300 ## - PHYSICAL DESCRIPTION
Extent 81 p.
Other physical details ill.
490 0# - SERIES STATEMENT
Series statement A Scope publication
650 #2 - SUBJECT ADDED ENTRY--TOPICAL TERM
Topical term or geographic name entry element Skin diseases
650 #0 - SUBJECT ADDED ENTRY--TOPICAL TERM
Topical term or geographic name entry element Dermatology
9 (RLIN) 76
653 ## - INDEX TERM--UNCONTROLLED
Uncontrolled term დერმატოლოგია
653 ## - INDEX TERM--UNCONTROLLED
Uncontrolled term კანის დაავადებები
942 ## - ADDED ENTRY ELEMENTS (KOHA)
Source of classification or shelving scheme
Koha item type Books
Holdings
Withdrawn status Lost status Source of classification or shelving scheme Damaged status Not for loan Permanent location Current location Date acquired Inventory number Total Checkouts Full call number Barcode Date last seen Price effective from Koha item type
          Ken Walker International University Ken Walker International University 12/18/2020 2110   616.5 B-68 2110 12/18/2020 12/18/2020 Books

Powered by Koha